Statistics for Word Chain - Israel

Click here to take the quiz!

General Stats

  • This quiz has been taken 665 times
  • The average score is 15 of 23

Answer Stats

HintAnswer% Correct
Most common languageHebrew
98%
Salty inland seaDead
91%
Childhood home of JesusNazareth
89%
Major coastal cityTel Aviv
89%
Country that has called for the
extermination of the State of Israel
Iran
88%
Term for a teacher of TorahRabbi
86%
Jewish language spoken in EuropeYiddish
85%
Largest Palestinian territoryWest Bank
83%
Scientist who was offered
presidency - but was let down
Einstein
78%
____ of the RockDome
75%
Female prime ministerMeir
71%
National airlineEl Al
69%
War of 1967Six-Day
68%
The Jewish New Year: Rosh _______Hashanah
65%
The ninth prime ministerNetanyahu
64%
Name of Israel's legislatureKnesset
61%
Region that compromises of
Israel, Lebanon and Syria
Levant
55%
Home of the Bahá'í World CentreHaifa
51%
Israel's official memorial to the
victims of the Holocaust: Yad ______
Vashem
46%
Name of the national anthemHatikvah
40%
Caliphate that invaded in 634Umayyad
33%
Holy "mountain" in JerusalemTemple
25%
The founding myth of the IsraelitesExodus
21%

Score Distribution

Percentile by Number Answered

Percent of People with Each Score

Your Score History

You have not taken this quiz